000 00367nam a22001217a 4500
008 230612b xxu||||| |||| 00| 0 eng d
082 _a354.62007232
_bGOK
100 _cGovernment of Kenya
245 _aReport of the Public Accounts Committee on the Government of Kenya Accounts for the year 2004/05
260 _aKenya
_bGOK
_c2005
300 _a519p
942 _2ddc
_cBK
999 _c1022
_d1022